Gran diccionario español-francés, francés-español / (Record no. 47612)

MARC details
000 -LEADER
campo de control de longitud fija 01254nam a2200301 i 4500
001 - NÚMERO DE CONTROL
campo de control 47612
003 - IDENTIFICADOR DE NÚMERO DE CONTROL
campo de control ES-MaACL
005 - FECHA Y HORA DE LA ÚLTIMA TRANSACCIÓN
campo de control 20240221123528.0
007 - CAMPO FIJO DE DESCRIPCIÓN FÍSICA--INFORMACIÓN GENERAL
campo de control de longitud fija t|
008 - DATOS DE LONGITUD FIJA--INFORMACIÓN GENERAL
campo de control de longitud fija 000216s2001 sp ||||0| spa
020 ## - NÚMERO INTERNACIONAL ESTÁNDAR DEL LIBRO
Número Internacional Estándar del Libro 84-8016-339-9
080 ## - NÚMERO DE LA CLASIFICACIÓN DECIMAL UNIVERSAL
Número de la Clasificación Decimal Universal (038)=133.1=134.2
100 1# - ENTRADA PRINCIPAL--NOMBRE DE PERSONA
Nombre de persona García-Pelayo y Gross, Ramón.
9 (RLIN) 55096
245 10 - MENCIÓN DEL TÍTULO
Título Gran diccionario español-francés, francés-español /
Mención de responsabilidad, etc. por Ramón García-Pelayo y Gross y Jean Testas, con la colaboración de Micheline Durand, Fernando García-Pelayo y Gross, Jean-Paul Vidal.
260 ## - PUBLICACIÓN, DISTRIBUCIÓN, ETC.
Lugar de publicación, distribución, etc. Barcelona :
Nombre del editor, distribuidor, etc. Larousse,
Fecha de publicación, distribución, etc. [2001]
300 ## - DESCRIPCIÓN FÍSICA
Extensión XIV, 850, 62, 716 p. ;
Dimensiones 27 cm.
500 ## - NOTA GENERAL
Nota general Port. adicional en francés.
650 #4 - PUNTO DE ACCESO ADICIONAL DE MATERIA--TÉRMINO DE MATERIA
Término de materia o nombre geográfico como elemento de entrada Lengua española-
Subdivisión de forma Diccionarios-
Subdivisión general Francés.
9 (RLIN) 14145
650 #4 - PUNTO DE ACCESO ADICIONAL DE MATERIA--TÉRMINO DE MATERIA
Término de materia o nombre geográfico como elemento de entrada Lengua francesa-
Subdivisión de forma Diccionarios-
Subdivisión general Español.
9 (RLIN) 14213
700 1# - ENTRADA AGREGADA--NOMBRE PERSONAL
Nombre de persona Testas, Jean.
9 (RLIN) 109834
700 1# - ENTRADA AGREGADA--NOMBRE PERSONAL
Nombre de persona Durand, Micheline.
9 (RLIN) 46256
700 1# - ENTRADA AGREGADA--NOMBRE PERSONAL
Nombre de persona García-Pelayo y Gross, Fernando.
9 (RLIN) 55095
700 1# - ENTRADA AGREGADA--NOMBRE PERSONAL
Nombre de persona Vidal, Jean-Paul.
9 (RLIN) 114436
852 4# - LOCALIZACIÓN
Ubicación ES-MaACL
itemnumber 49408
Sublocalización o colección R.132499
Número de control de estantería Mesetón
Encuadernación Expurgado en 2022: ejemplar deteriorado
Ubicación en estantería Depósito J
852 4# - LOCALIZACIÓN
Ubicación ES-MaACL
itemnumber 49407
Número de control de estantería A-15169
Ubicación en estantería Depósito 1
Signatura antigua Olim: DIC-L 133.1=134.2 GAR gra
942 ## - ELEMENTOS DE ENTRADA SECUNDARIOS (KOHA)
Fuente del sistema de clasificación o colocación Clasificación decimal universal
Tipo de ítem Koha Libro impreso
Holdings
Estatus retirado Estado de pérdida Fuente del sistema de clasificación o colocación Estado de daño No para préstamo Colección Biblioteca de origen Biblioteca actual Ubicación en estantería Fecha de adquisición Total de préstamos Signatura topográfica completa Código de barras Visto por última vez Precio de reemplazo Tipo de ítem Koha
    Clasificación decimal universal     Colección de referencia Biblioteca del Ateneo de Madrid Biblioteca del Ateneo de Madrid Depósito 1 22/09/2022   A-15169 1203742 23/02/2023 23/02/2023 Libro impreso